Initiation africaine : (Record no. 39667)
[ view plain ]
| 000 -LEADER | |
|---|---|
| fixed length control field | 00769 a2200241 4500 |
| 003 - CONTROL NUMBER IDENTIFIER | |
| control field | 0 |
| 005 - DATE AND TIME OF LATEST TRANSACTION | |
| control field | 20160609161655.0 |
| 008 - FIXED-LENGTH DATA ELEMENTS--GENERAL INFORMATION | |
| fixed length control field | 100803t xxu||||| |||| 00| 0 eng d |
| 040 ## - SOURCE DU CATALOGAGE | |
| Original cataloging agency | BUAC |
| 041 ## - CODE DE LANGUE | |
| Language code of text/sound track or separate title | Fr. |
| 100 ## - VEDETTE PRINCIPALE - NOM DE PERSONNE | |
| Personal name | Laburthe-Tolra, Philippe |
| 9 (RLIN) | 7899 |
| 245 ## - TITLE STATEMENT | |
| Title | Initiation africaine : |
| Remainder of title | supplément de philosophie et de sociologie à l'usage de l'Afrique noire |
| Statement of responsibility, etc | / Philippe Laburthe-Tolra, René Bureau |
| 260 ## - PUBLICATION, DISTRIBUTION, ETC. (IMPRINT) | |
| Place of publication, distribution, etc | Yaoundé : |
| Name of publisher, distributor, etc | Ed. Clé |
| Date of publication, distribution, etc | 1971 |
| 300 ## - PHYSICAL DESCRIPTION | |
| Extent | 293p. |
| Dimensions | 21 cm. |
| 440 ## - SERIES STATEMENT/ADDED ENTRY--TITLE | |
| Title | (Etudes et documents africains) |
| 9 (RLIN) | 7900 |
| 504 ## - BIBLIOGRAPHY, ETC. NOTE | |
| Bibliography, etc | Comprend un lexique |
| 630 ## - SUBJECT ADDED ENTRY--UNIFORM TITLE | |
| Uniform title | PHILOSOPHIE |
| 9 (RLIN) | 7901 |
| 650 ## - SUBJECT ADDED ENTRY--TOPICAL TERM | |
| Topical term or geographic name as entry element | Philosophie africaine |
| 9 (RLIN) | 7902 |
| 653 ## - INDEX TERM--UNCONTROLLED | |
| Uncontrolled term | Connaissances ésotériques |
| 700 ## - ADDED ENTRY--PERSONAL NAME | |
| Personal name | Bureau, René |
| Titles and other words associated with a name | Collab. |
| 9 (RLIN) | 7903 |
| 942 ## - ADDED ENTRY ELEMENTS (KOHA) | |
| Koha item type | Livre |
| Withdrawn status | Lost status | Damaged status | Not for loan | Location (home branch) | Sublocation or collection (holding branch) | Date acquired | Source of acquisition | Koha issues (times borrowed) | Koha full call number | Koha date last seen | Copy number | Price effective from | Koha item type |
|---|---|---|---|---|---|---|---|---|---|---|---|---|---|
| Bibliothèque Universitaire Centrale | Bibliothèque Universitaire Centrale | ACHAT | 140.8 (66) LAB | 16/07/2010 | 1 | 16/07/2010 | Livre | ||||||
| Bibliothèque Universitaire Centrale | Bibliothèque Universitaire Centrale | ACHAT | 140.8(66) LAB | 16/07/2010 | 2 | 16/07/2010 | Livre | ||||||
| Bibliothèque Universitaire Centrale | Bibliothèque Universitaire Centrale | ACHAT | 140.8(66) LAB | 22/07/2010 | 3 | 22/07/2010 | Livre |